[Event "FRA-chT2 East 0708"]
[Site "France"]
[Date "2008.03.16"]
[Round "9.8"]
[White "Baujard, Anne"]
[Black "Jeannerot, Lea"]
[Result "1-0"]
[WhiteElo "1927"]
[BlackElo "1956"]
[PlyCount "105"]
[EventDate "2007.10.21"]
[EventType "team"]
[EventRounds "11"]
[EventCountry "FRA"]
[SourceTitle "EXT 2009"]
[Source "ChessBase"]
[SourceDate "2008.11.26"]
[SourceVersion "1"]
[SourceVersionDate "2008.11.26"]
[SourceQuality "1"]
[WhiteTeam "Epinal"]
[BlackTeam "Besancon TPG II"]
[WhiteTeamCountry "FRA"]
[BlackTeamCountry "FRA"]

1. c4 Nf6 2. Nc3 d5 3. cxd5 Nxd5 4. g3 g6 5. Bg2 Nf6 6. Nf3 Bg7 7. 0-0 0-0 8. a3 Nc6 9. b4 a6 10. Bb2 Bg4 11. Rc1 Qd7 12. Na4 Ne4 13. Bxg7 Kxg7 14. d3 Nd6 15. Nc5 Qc8 16. Nxb7 Qxb7 17. Ne5 Qc8 18. Nxc6 Qe6 19. Nd4 Qe5 20. Nf3 Bxf3 21. Bxf3 Ra7 22. Rc5 Qe6 23. Qa1+ Kg8 24. Rfc1 Rc8 25. Rc6 h6 26. Qd4 Raa8 27. a4 Rd8 28. Qc3 Rdc8 29. Qb2 Ra7 30. Qd4 Raa8 31. Rxc7 Rxc7 32. Rxc7 Rb8 33. Qa7 Rxb4 34. Qxa6 g5 35. Qa8+ Kg7 36. Qa5 Qh3 37. Qe5+ Kg8 38. Rc1 Qd7 39. Bc6 Qa7 40. Qc5 Qb8 41. Bb5 Rb2 42. Qe5 Rb3 43. Qxe7 Nxb5 44. axb5 Qxb5 45. Rc8+ Kg7 46. Qf8+ Kg6 47. Qg8+ Kf6 48. Qh8+ Kg6 49. Qg8+ Kf6 50. Qd8+ Kg6 51. Qd6+ Kh5 52. Rc6 Rb1+ 53. Kg2 1-0

[Event "FRA-chT1B 0607"]
[Site "France"]
[Date "2006.11.06"]
[Round "3.8"]
[White "Baujard, Anne"]
[Black "Dacalor, Aurelie"]
[Result "1/2-1/2"]
[WhiteElo "1952"]
[BlackElo "2028"]
[PlyCount "128"]
[EventDate "2006.10.15"]
[EventType "team"]
[EventRounds "11"]
[EventCountry "FRA"]
[SourceTitle "EXT 2008"]
[Source "ChessBase"]
[SourceDate "2007.11.25"]
[SourceVersion "1"]
[SourceVersionDate "2007.11.25"]
[SourceQuality "1"]
[WhiteTeam "Epinal"]
[BlackTeam "Lutece"]
[WhiteTeamCountry "FRA"]
[BlackTeamCountry "FRA"]

1. c4 Nf6 2. g3 d6 3. Bg2 e5 4. Nc3 c6 5. d4 Qc7 6. d5 h6 7. dxc6 bxc6 8. e4 Be6 9. b3 Nbd7 10. Nge2 Nc5 11. 0-0 a5 12. Ba3 Qa7 13. Qd2 Rd8 14. Rad1 Nb7 15. Qc1 h5 16. h4 Ng4 17. Rd3 Be7 18. Nd1 g5 19. hxg5 Rg8 20. Qc3 Bxg5 21. Bc1 Be7 22. Ne3 Nc5 23. Rdd1 h4 24. Nxg4 Bxg4 25. Bf3 hxg3 26. Nxg3 Bh3 27. Rfe1 Bh4 28. Re3 Ne6 29. Bg2 Bxg2 30. Kxg2 Nf4+ 31. Kf1 Qe7 32. Rf3 Qg5 33. Bxf4 exf4 34. Nf5 Qg2+ 35. Ke2 Be7 36. Rxf4 Bg5 37. Rf3 Qg4 38. Qd3 Qh5 39. Qd4 Rg6 40. Qc3 Kf8 41. Qa1 Re8 42. Ne3 Rxe4 43. Rh1 Qg4 44. Qh8+ Rg8 45. Qh5 Bxe3 46. Qxg4 Rexg4 47. Rxe3 a4 48. Rh6 axb3 49. axb3 R8g6 50. Rh8+ Kg7 51. Rhh3 Re6 52. Kf1 c5 53. Rd3 Rge4 54. Rde3 f5 55. Rxe4 fxe4 56. Re3 Kf6 57. f3 Kf5 58. fxe4+ Kf4 59. Ke2 Rxe4 60. Rxe4+ Kxe4 61. Kd2 Kd4 62. Kc2 Ke3 63. Kc3 Ke4 64. Kc2 Ke3 1/2-1/2

[Event "FRA-chT2 0405"]
[Site "France"]
[Date "2004.11.06"]
[Round "2.9"]
[White "Baujard, Anne"]
[Black "Criqui, Laurence"]
[Result "1-0"]
[WhiteElo "1860"]
[BlackElo "1570"]
[PlyCount "75"]
[EventDate "2004.10.10"]
[EventType "team"]
[EventRounds "11"]
[EventCountry "FRA"]
[SourceTitle "EXT 2006"]
[Source "ChessBase"]
[SourceDate "2005.11.24"]
[SourceVersion "1"]
[SourceVersionDate "2005.11.24"]
[SourceQuality "1"]

1. c4 c6 2. g3 d5 3. Bg2 Nf6 4. cxd5 cxd5 5. Nf3 Nc6 6. 0-0 e6 7. d3 Bd6 8. b3 0-0 9. Bb2 Bd7 10. Nd4 Rc8 11. Nd2 Nxd4 12. Bxd4 Be7 13. Nf3 a6 14. Qd2 a5 15. Rac1 Bb4 16. Qg5 Be7 17. Qf4 Bc6 18. Ne5 Nh5 19. Qd2 Bb4 20. Qe3 Qe7 21. Nxc6 bxc6 22. Bc5 Bxc5 23. Qxc5 Qd8 24. Rc2 Nf6 25. d4 Nd7 26. Qa3 e5 27. dxe5 Nxe5 28. Rfc1 Qb6 29. Qc5 Qd8 30. Bxd5 cxd5 31. Qxc8 Qf6 32. Qh3 h6 33. Rc5 Rd8 34. Qg2 d4 35. Qe4 d3 36. Qxe5 Qxe5 37. Rxe5 d2 38. Rd1 1-0

[Event "Illkirch Graffenstaden op"]
[Site "Illkirch Graffenstaden"]
[Date "2004.07.12"]
[Round "5"]
[White "Baujard, Anne"]
[Black "Brunner, Nicolas"]
[Result "0-1"]
[WhiteElo "1720"]
[BlackElo "2257"]
[PlyCount "66"]
[EventDate "2004.07.10"]
[EventType "swiss"]
[EventRounds "9"]
[EventCountry "FRA"]
[SourceTitle "EXT 2016"]
[Source "ChessBase"]
[SourceDate "2015.10.08"]
[SourceVersion "1"]
[SourceVersionDate "2015.10.08"]
[SourceQuality "1"]

1. c4 e5 2. Nc3 d6 3. g3 f5 4. Bg2 Nf6 5. d3 g6 6. e3 Bg7 7. Nge2 0-0 8. 0-0 a5 9. Qc2 Na6 10. b3 c6 11. Bb2 Be6 12. Rac1 Bf7 13. Rfd1 Rc8 14. Qd2 Qc7 15. d4 e4 16. d5 Rfd8 17. dxc6 bxc6 18. Ba3 Nb4 19. Na4 Nd3 20. Rb1 Ng4 21. Rf1 h5 22. h4 Qa7 23. Nc1 Nge5 24. Nxd3 Nxd3 25. Nb2 Ne5 26. Kh1 d5 27. cxd5 cxd5 28. Rbc1 d4 29. Rxc8 Rxc8 30. Qxd4 Qxd4 31. exd4 Ng4 32. Bc5 Rxc5 33. dxc5 Bxb2 0-1

[Event "France-ch U16 Girls"]
[Site "Reims"]
[Date "2004.04.22"]
[Round "6"]
[White "Baujard, Anne"]
[Black "Robert, Diane"]
[Result "0-1"]
[WhiteElo "1840"]
[BlackElo "1630"]
[PlyCount "82"]
[EventDate "2004.04.??"]
[EventType "swiss"]
[EventRounds "9"]
[EventCountry "FRA"]
[SourceTitle "EXT 2005"]
[Source "ChessBase"]
[SourceDate "2004.11.15"]
[SourceVersion "1"]
[SourceVersionDate "2004.11.15"]
[SourceQuality "1"]

1. c4 e5 2. g3 Nc6 3. Bg2 d6 4. Nc3 g6 5. Nf3 Bg7 6. 0-0 f5 7. d3 Nf6 8. Bg5 0-0 9. Qd2 Qd7 10. Bh6 Nh5 11. Bxg7 Kxg7 12. a3 f4 13. b4 fxg3 14. fxg3 Qg4 15. Qg5 Rxf3 16. Qxg4 Rxf1+ 17. Rxf1 Bxg4 18. e3 Nf6 19. Rf2 Bf5 20. Rd2 Ng4 21. Nd5 Rc8 22. h3 Nf6 23. Nc3 h5 24. Nb5 a6 25. Nc3 g5 26. Kf2 Rf8 27. Ke2 Re8 28. Na2 h4 29. g4 Nxg4 30. hxg4 Bxg4+ 31. Kf2 Rf8+ 32. Kg1 Bf3 33. Bf1 g4 34. Kh2 b5 35. cxb5 axb5 36. Nc3 Kg6 37. Nxb5 Rf7 38. Rc2 Kg5 39. e4 Bd1 40. Rxc6 Rxf1 41. Nxc7 Bf3 0-1

[Event "France-ch U16 Girls"]
[Site "Reims"]
[Date "2004.04.19"]
[Round "2"]
[White "Baujard, Anne"]
[Black "Martin, Carole"]
[Result "0-1"]
[WhiteElo "1840"]
[BlackElo "1700"]
[PlyCount "42"]
[EventDate "2004.04.??"]
[EventType "swiss"]
[EventRounds "9"]
[EventCountry "FRA"]
[SourceTitle "EXT 2005"]
[Source "ChessBase"]
[SourceDate "2004.11.15"]
[SourceVersion "1"]
[SourceVersionDate "2004.11.15"]
[SourceQuality "1"]

1. c4 e5 2. g3 c6 3. Bg2 d5 4. b3 Bc5 5. Bb2 f6 6. d3 dxc4 7. bxc4 Qb6 8. Qb3 Bxf2+ 9. Kf1 Bg4 10. Qxb6 Bxb6 11. Nf3 Ne7 12. e4 Na6 13. a3 Nc5 14. Ke2 Rd8 15. Rd1 0-0 16. a4 a5 17. Ra3 Rd7 18. h3 Bh5 19. g4 Bf7 20. Ne1 Rfd8 21. Nd2 Ng6 0-1

[Event "FRA-chT2 0304"]
[Site "France"]
[Date "2004.01.17"]
[Round "5"]
[White "Baujard, Anne"]
[Black "Bertin, Nathalie"]
[Result "1/2-1/2"]
[WhiteElo "1840"]
[BlackElo "1730"]
[PlyCount "81"]
[EventDate "2003.10.??"]
[EventType "team"]
[EventRounds "11"]
[EventCountry "FRA"]
[SourceTitle "EXT 2005"]
[Source "ChessBase"]
[SourceDate "2004.11.15"]
[SourceVersion "1"]
[SourceVersionDate "2004.11.15"]
[SourceQuality "1"]

1. c4 e5 2. g3 Nf6 3. Bg2 c6 4. Nc3 Bb4 5. Ne4 Nxe4 6. Bxe4 d5 7. cxd5 cxd5 8. Bg2 Nc6 9. Qb3 e4 10. a3 Ba5 11. Qd1 0-0 12. b4 Bb6 13. Bb2 Re8 14. e3 Ne5 15. Bxe5 Rxe5 16. d4 exd3 17. Qxd3 Bf5 18. Qd1 Rc8 19. Nf3 Re7 20. 0-0 Be4 21. Qd2 Rc2 22. Qd1 Rc3 23. Qe1 Rec7 24. Nd2 Bxg2 25. Kxg2 Rc2 26. Nf3 Re7 27. Qd1 Rc3 28. Qd2 Rc6 29. Rfd1 Rd6 30. Rac1 f6 31. Rc3 Rc7 32. Rd3 Rcd7 33. Nd4 Bxd4 34. Rxd4 Kf7 35. Qd3 g6 36. Qb3 f5 37. Qd3 b6 38. Qd2 Qa8 39. Kg1 Qc6 40. Qa2 Kf6 41. Qb2 1/2-1/2

[Event "FRA-ch U14 Girls"]
[Site "Hyeres"]
[Date "2002.??.??"]
[Round "2.6"]
[White "Congiu, Mathilde"]
[Black "Baujard, Anne"]
[Result "1-0"]
[WhiteElo "1760"]
[BlackElo "1590"]
[PlyCount "59"]
[EventDate "2002.04.05"]
[EventType "swiss"]
[EventRounds "9"]
[EventCountry "FRA"]
[SourceTitle "EXT 2003"]
[Source "ChessBase"]
[SourceDate "2002.11.25"]
[SourceVersion "1"]
[SourceVersionDate "2002.11.25"]
[SourceQuality "1"]

1. e4 c5 2. Nf3 Nc6 3. d4 cxd4 4. Nxd4 Nf6 5. Nc3 d6 6. Bc4 e6 7. Be3 Be7 8. Bb3 0-0 9. f3 a6 10. Qd2 Qc7 11. a4 Rd8 12. h4 Nb4 13. g4 Nd7 14. Nce2 Nc6 15. Nxc6 bxc6 16. Bf4 Ne5 17. Qc3 Ng6 18. Bg5 Bxg5 19. hxg5 Ne5 20. f4 Ng6 21. Qh3 Nf8 22. 0-0-0 Rb8 23. f5 Qe7 24. Qh4 exf5 25. gxf5 Rb4 26. Ng3 Qe5 27. g6 Qf6 28. Bxf7+ Kh8 29. Qxh7+ Nxh7 30. Rxh7# 1-0